| 000 | 00736nam a2200229 a 4500 | ||
|---|---|---|---|
| 999 |
_c7129 _d7129 |
||
| 005 | 20200603123648.0 | ||
| 008 | 140217b2006 ck ||||| |||| 00| 0 spa d | ||
| 040 |
_aCO-BoIAVH _cCO-BoIAVH |
||
| 041 | _aspa | ||
| 044 | _ack | ||
| 082 | _a567.9861 | ||
| 090 |
_aIAVH _b01383 |
||
| 100 |
_aUlloa Delgado, Giovanni Andrés _95171 |
||
| 245 |
_aAspectos científicos, socioculturales, económicos y comerciales del Crocodylus acutus, con énfasis en la población de la bahía Cispatá _bDocumento síntesis (2) |
||
| 260 |
_aBogotá _bIAvH _c2006 |
||
| 300 | _a52 p. | ||
| 650 |
_aCocodrilos _9103290 |
||
| 650 |
_aTaxonomía _9103291 |
||
| 650 |
_aHábitat animal _9103292 |
||
| 650 |
_aTráfico de especies _96276 |
||
| 942 |
_cLIBRO _2z |
||